00456 2200181 4500001002100000005001500021008004100036020002200077035001900099041000700118082000800125090001400133100002500147245003500172260002700207300001900234650002100253INLIS00000000001436720241224114730241224||||||||| | ||| |||| || |  a978-979-665-595-0 0010-1224014367 aid0 a410 a410 HEN m0 aHenry Guntur Tarigan00aMetodologi Pengajaran Bahasa 1 aBandungbAngkasac2009 a254hlm;14x21cm 0aBahasa Indonesia